00958 2200313 4500001002100000005001500021035002000036007000300056008004100059020002200100082001400122084001600136100004000152245007600192250003100268300005600299650001800355700003200373504003300405264003200438336002100470337003000491338002300521040002200544090002200566850001200588999002200600990002200622INLIS00000000089927820250903025837 a0010-0925000201ta250903s2025 yoia g | ind d a978-634-01-0898-904223a631.4 a631.4 IRN p0 aIrnanda Aiko Fifi DjuunaePengarang10aPengelolaan biologi tanah /cIrnanda Aiko Fifi Djuuna, Sigit Darmawanto aCetakan Pertama: Juni 2025 axii, 162 halaman :btabel, gambar berwarna ;c23 cm 4aEkologi tanah0 aSigit DarmawantoePengarang aBibliografi: halaman 157-16231aSleman :bDeepublish,c2025 2rdacontentateks 2rdamediaatanpa perantara 2rdacarrieravolume aYOPDYOGbinderda aCB-D.11 2025-2711 aYOPDYOG aCB-D.11/2025-2711 aCB-D.11/2025-2711